| 000 | 00428nam a2200181Ia 4500 | ||
|---|---|---|---|
| 005 | 20240823040344.0 | ||
| 008 | 240823s9999||||xx |||||||||||||| ||und|| | ||
| 041 | _aENGLISH | ||
| 082 | _A650.4012 | ||
| 100 | _a"Bertrand,Olivier" | ||
| 245 | 0 | _aPlanning Human Resources Methods | |
| 250 | _a1st | ||
| 260 | _b"Sterling,New " | ||
| 500 | _aYES | ||
| 650 |
_aPlanning _bManagement Studies |
||
| 942 | _cBK | ||
| 999 |
_c202909 _d202909 |
||